Sports Quiz

Random Sports Quiz

FBS Memorial Stadiums Quiz Stats

 Plays Quiz not verified by Sporcle

Challenge
Share
Tweet
Embed
Score 0/13 Timer 05:00
0 Plays Today
School % Correct
Texas
76.9%
Nebraska
71.4%
Oklahoma
65.9%
Illinois
63.7%
Clemson
59.3%
Southern California
57.1%
Indiana
54.9%
Kansas
53.8%
California
42.9%
North Carolina
33%
Navy
29.7%
Wyoming
24.2%
New Mexico State
11%

You're not logged in!

Compare scores with friends on all Sporcle quizzes.
OR
Log In

You Might Also Like...

Show Comments

Extras

Created Oct 30, 2009SourceReportNominate
Tags:FBS, memorial, school, Stadiums

Top Quizzes Today


Score Distribution

Your Account Isn't Verified!

In order to create a playlist on Sporcle, you need to verify the email address you used during registration. Go to your Sporcle Settings to finish the process.

Report this User

Report this user for behavior that violates our Community Guidelines.

Details: